000 00473cam a22001217a 4500
008 180718b-- xxu||||| |||| 00| 0 eng d
082 _aO1x54 In2n/AS
245 _aNational family health survey, Assam
_cby International Institute for Population Sciences
260 _aMumbai
_bInternational Institute for population Sciences
_c--
500 _aLibrary has 1992/93, 1998/99
650 _aPublic health - India - Assam
700 _aInternational Institute for Population Sciences
999 _c476556
_d476556